Proceso contenciso de suplicación de la sentencia de revista sobre el apoderamiento de un barco de Raúl Guimar con el capitán Martín Vaquera.

Detalles Bibliográficos
Otros Autores: Raul Guimar
Formato: Libro
Publicado: Vizcaya, s.f.
Materias:
Colección:Banco de datos
Acervo:Biblioteca Palafoxiana. Colección de Manuscritos
Descripción Física:6 f. ; 20.5 x 28.5 cm.
Tema general:Civil
LEADER 00477nam a22001450004500
035 |a 806 
245 1 0 |a Proceso contenciso de suplicación de la sentencia de revista sobre el apoderamiento de un barco de Raúl Guimar con el capitán Martín Vaquera. 
260 |a Vizcaya, s.f. 
300 |a 6 f. ; 20.5 x 28.5 cm. 
650 1 0 |a Civil 
700 1 |a Raul Guimar 
949 |a 19679/014 
942 |c PALAMANU 
943 |g Biblioteca Palafoxiana. Colección de Manuscritos 
999 |c 1068751  |d 1068751